00550nam a22001572 4500001001100000005001700011008004100028020001200069040001500081100003400096245011100130260002800241300001100269650005500280651005700335000000940620151217155839.0081020s xx 000 0 eng d cKES 300 aKABUcKABU1 aShiroya, O. J. E.@000016082910aAfrican politics in colonial Kenya :bcontribution of World War II veterans 1945-1960 /cO. J. E. Shiroya. aNairobi :bERAP,c1992. a81 p. 0aWorld War, 1939-1945xVeteranszKenya.@0000160830 0aKenyaxPolitics and governmentyTo 1963.@0000160831